[Event "Negombo op 3rd"]
[Site "Negambo"]
[Date "2017.08.23"]
[Round "8"]
[White "Epa, W Bethmee V"]
[Black "Fernando, JS Aloka"]
[Result "0-1"]
[WhiteElo "1274"]
[BlackElo "1576"]
[PlyCount "88"]
[EventDate "2017.08.20"]
[EventType "swiss"]
[EventRounds "10"]
[EventCountry "SRI"]
[SourceTitle "CBM 180 Extra"]
[Source "ChessBase"]
[SourceDate "2017.10.06"]
[SourceVersion "1"]
[SourceVersionDate "2017.10.06"]
[SourceQuality "1"]

1. d4 d5 2. c4 c6 3. Nc3 Nf6 4. Nf3 e6 5. Bg5 Be7 6. e3 Nbd7 7. Qc2 0-0 8. cxd5 exd5 9. Bd3 Re8 10. 0-0 Nf8 11. Ne5 Ng6 12. f4 Nd7 13. Bxe7 Qxe7 14. Nxd7 Qxe3+ 15. Kh1 Bxd7 16. Ne2 Bg4 17. Rae1 Bxe2 18. Rxe2 Qxd4 19. Rd2 Qf6 20. Qb3 b6 21. Qc2 Re3 22. g4 Rae8 23. g5 Qd6 24. Rdf2 c5 25. Bb5 d4 26. Bxe8 Qd5+ 27. Kg1 Rxe8 28. Qa4 Qd8 29. Qxa7 d3 30. Qa4 Kf8 31. Rd1 Qd5 32. Qb3 c4 33. Qb4+ Kg8 34. Qd2 Nh4 35. Rdf1 b5 36. a3 h5 37. h3 Qd4 38. Kh1 Re3 39. Kh2 Qe4 40. Qd1 Qe6 41. f5 Qe5+ 42. Rf4 Re2+ 43. Kg3 Nxf5+ 44. Kf3 Qe3# 0-1